000 01207nam0a22003251 4500
001 rc\2122569
005 20250623091307.0
035 _a(NLR Aleph) 006698291
090 _a5217321
_c5217321
100 _a20110829d1979 |||y0rusy50 ca
101 1 _arus
_cger
102 _aRU
105 _aa z |||||
200 1 _aАтлас дефектов стали
_fПеревод с нем. Е.Я. Капуткина
_gПод ред. М.Л. Бернштейна
210 _aМосква
_cМеталлургия
_d1979
215 _a187 с.
_cил.
_d27
311 _aПеревод изд.: Stahlfehlerfibel (Leipzig)
320 _aБиблиогр.: с. 92 (31 назв.)
454 0 _12001#$aStahlfehlerfibel
_1210##$aLeipzig
_tStahlfehlerfibel
606 _aСталь
_jАтласы
_xДефекты
_2psbo
702 1 _4340
_aБернштейн
_bМ. Л.
_cд-р техн. наук
_f1919-1989
_gМарк Львович
_9155563
_3RU\NLR\AUTH\770155602
702 1 _aКапуткин
_bЕ.Я.
_4730
801 0 _aRU
_bNLR
_gpsbo
801 1 _aRU
_bELAR
_2rusmarc
852 _aNLR
_j80-7/775
899 _aRuMoRGB
_jБ 79-27/282
899 _aRuMoRGB
_jБ 79-27/283
942 _cBOOK
980 _aNB